Missing Word: Trick or Treat A-Z Quiz Stats

Quiz Updated Oct 31, 2015

Challenge
Share
Tweet
Embed
Score 0/25 Timer 04:00
1 Play Today
Hint Answer % Correct
Bobbing for ____ (Fruit)Apples
99.1%
Count ____ (Monster)Dracula
97.6%
Witch's ____ (Mode of transportation)Broom
97.5%
Casper the ____ Ghost (Character)Friendly
97.3%
Jack - o' - ____ (Decoration)Lantern
96.9%
All Hallows' ____ (Event)Eve
96.5%
____ Corn (Confection)Candy
96.4%
____ and Black (Festive colors)Orange
95.5%
Milky ____ (Confection)Way
95.1%
The Legend of ____ Hollow (Story)Sleepy
94%
____ Mash (Song)Monster
93.8%
____ Houdini (Magician)Harry
92.8%
It's the ____ Pumpkin, Charlie Brown (TV special)Great
91.3%
Hint Answer % Correct
____ patch (Place)Pumpkin
90.7%
____ Frankenstein (Movie)Young
90.6%
The ____ Before Christmas (Movie)Nightmare
87.9%
____ Helsing (Movie)Van
85.6%
____ Walk (Event)Zombie
84.9%
Morticians, gravediggers and ____
(Funeral-related jobs)
Undertakers
81.8%
Dr. ____ and Mr. Hyde (Character)Jekyll
80.4%
Freddy ____ (Character)Krueger
80.2%
Chains ____ (Scary Sound)Rattling
75.6%
____ of the Damned (Movie)Queen
70%
____ Woman (Character)Invisible
50.8%
____ of Horror (The Simpsons)Treehouse
41.7%

Today's Daily Dose

Missing Word
1971 Movies A-Z

Word Ladder
Complete Tour

Quick Pick
Logo Colors

On This Day
January 19th

You're not logged in!

Compare scores with friends on all Sporcle quizzes.
Sign Up with Email
OR
Log In

You Might Also Like...

Show Comments

Extras

Top Quizzes Today


Score Distribution

Your Account Isn't Verified!

In order to create a playlist on Sporcle, you need to verify the email address you used during registration. Go to your Sporcle Settings to finish the process.